000
00282nam a22001217a 4500
003
SGT
082
_a
300.72
_b
BIN
100
_a
BINWAL J C
245
_a
SOCIAL SCIENCE INFORMATION
_b
PROBLEMS AND PROSPECTS
260
_a
NEW DELHI
_b
HAR ANAND
_c
1990
300
_a
494
942
_2
ddc
_c
BK
999
_c
32701
_d
32701